000
00251nam a2200097Ia 4500
082
_a
EJF THOR
245
0
_a
The nanny nightmare
100
_a
THORPE, Kiki New York, [c.2009]
_9
94397
942
_c
BK
008
210817s9999 xx 000 0 und d
999
_c
386473
_d
386472